Menongkah arus

Bibliographic Details
Main Author: Ramlah Md.Jalee
Format: Book
Published: Kuala Lumpur : Utusan Publications & Distributors , 1995
Series:Siri Tamu Istimewa Utusan
Subjects:

MARC

LEADER 00000cam a2200000 7i4500
001 0000006061
002 000006551
005 20000330.0
020 |a 9676105015 
090 0 0 |a F   |b RAM 
100 0 |a Ramlah Md.Jalee 
245 1 0 |a Menongkah arus   |c Ramlah Md.Jalee 
260 |a Kuala Lumpur :   |b Utusan Publications & Distributors ,   |c 1995 
300 |a 181 p. ;   |c 18 cm. 
490 0 |a Siri Tamu Istimewa Utusan 
650 0 0 |a General fiction, Malay 
999 |a 037935   |b BUKU   |c PINJAMAN   |e PERPUSTAKAAN KOMUNITI PETALING JAYA 
999 |a 037936   |b BUKU   |c PINJAMAN   |e PERPUSTAKAAN KOMUNITI PETALING JAYA 
999 |a 037937   |b BUKU   |c PINJAMAN   |e PERPUSTAKAAN KOMUNITI PETALING JAYA